| 000 | 00968nam a2200205 a 4500 | ||
|---|---|---|---|
| 001 | 001153953 | ||
| 003 | AM-YeHGA | ||
| 005 | 20250617152348.0 | ||
| 008 | 160603s1977 ru r 000 0 rus d | ||
| 040 | _aAM-YeHGA | ||
| 041 | 0 | _arus | |
| 245 | 0 | 0 |
_aПроблемы экономической кибернетики в сельском хозяйстве / : _bНаучные труды / _cВАСХНИЛ. СО ; [Науч. ред. В.А. Кардаш, В.Н. Айдин]. |
| 260 |
_aНовосибирск : _bСО ВАСХНИЛ, _c1977. |
||
| 300 |
_a202 с. : _bтабл. |
||
| 504 | _aБиблиогр. в конце ст. | ||
| 650 | 1 | 4 | _aЭкономическая кибернетика в сельском хозяйстве |
| 700 | 1 |
_aКардаш, Виктор Алексеевич _eред. _4edt |
|
| 710 | 2 | _aВсесоюзная академия сельскохозяйственных наук имени В.И. Ленина | |
| 090 | _c371166 | ||
| 999 |
_c369294 _d369294 |
||